• 首页
  • 本馆介绍
  • 公告通知
  • 最新文献
  • 馆藏检索
  • 电子资源
  • 读者导购
  • 参考咨询
  • 我的图书馆
  • 登录
  • 详细信息显示
  • 放入我的书架
  • 预约/预借图书
  • 作者相关作品
  • 分类相关作品
  • 丛书相关作品
  • 出版社相关作品

书目信息

  • 表格格式
  • 工作单格式
  • 卡片格式
题名:
身边的瓜果蔬菜
    
 
作者: 胡永军 主编
分册:  
出版信息: 北京   化学工业出版社  2010
页数: 126页
开本: 21cm
丛书名:
单 册:
中图分类: S63
科图分类:
主题词: 蔬菜--基本知识 , 蔬菜
电子资源:
ISBN: 978-7-122-07089-0
000 00804nam0 2200241 45
001 1033085687
005 20100407164541.67
010    @a978-7-122-07089-0@dCNY28.00
100    @a20100401d2010 em y0chiy50 ea
101 0  @achi
102    @aCN@b110000
105    @aa z 001yy
106    @ar
200 1  @a身边的瓜果蔬菜@AShen Bian De Gua Guo Shu Cai@f胡永军主编@FHu Yong Jun Zhu Bian
210    @a北京@c化学工业出版社@d2010
215    @a126页@c彩照@d21cm
330    @a本书介绍108种全国常见的瓜果蔬菜,其中包括传统蔬菜、新兴蔬菜、蔬菜新品种及营养价值较高的野菜,介绍了它们的识别特征、营养药用价值、食用方法及栽培要点。
606 0  @a蔬菜@x基本知识
606 0  @a蔬菜
690    @aS63@v4
701  0 @a胡永军@AHu Yong Jun@4主编
801  0 @aCN@bTANGWEI@c20100407
905    @b0588257-61@dS63@e186@f5
    
    身边的瓜果蔬菜/胡永军主编.-北京:化学工业出版社,2010
    126页:彩照;21cm
    
    
    ISBN 978-7-122-07089-0:CNY28.00
    本书介绍108种全国常见的瓜果蔬菜,其中包括传统蔬菜、新兴蔬菜、蔬菜新品种及营养价值较高的野菜,介绍了它们的识别特征、营养药用价值、食用方法及栽培要点。
●
相关链接 在E读中查询图书 在五车中查询图书 在当当中查询图书 在豆瓣中查询图书


正题名:身边的瓜果蔬菜     索取号:S63/186         预约/预借

序号 登录号 条形码 馆藏地/架位号 状态 备注
1 0588257   205882570   第二样本阅览室/ [索取号:S63/186] 在馆    
2 0588258   205882589   第三借阅区/ [索取号:S63/186] 在馆    
3 0588259   205882598   第三借阅区/ [索取号:S63/186] 在馆    
4 0588260   205882605   第三借阅区/ [索取号:S63/186] 在馆    
5 0588261   205882614   第三借阅区/ [索取号:S63/186] 在馆    
唐山师范学院图书馆 欢迎您!
大连网信软件有限公司© 版权所有